000 00663nam a2200277Ia 4500
005 20260324150119.0
008 008 260324s9999 xx 000 0 eng d
020 _a9781003227052
037 _aEBOOK
040 _aCRL
040 _beng
040 _cCRL
041 _2eng
041 _aeng
084 _qCRL
100 _aG. A. Phillips; R. T. Maddock
_91225302
245 4 _aThe Growth of the British Economy 1918–1968
260 _bTaylor and Francis
260 _c1973
365 _a
365 _b150
856 _uhttp://www.taylorfrancis.com/books/9781003227052
942 _cEBOOK
999 _c1834217
_d1834217